| 000 | 00767nam a2200253Ia 4500 | ||
|---|---|---|---|
| 003 | OSt | ||
| 005 | 20221005083607.0 | ||
| 006 | a|||||r|||| 00| 0 | ||
| 007 | ta | ||
| 008 | 221004b |||||||| |||| 00| 0 eng d | ||
| 020 |
_a9780670083558 (hbk) _c599 |
||
| 024 | _a101517 | ||
| 037 |
_b258, 08/03/2010, University Book House _cTextual |
||
| 040 |
_aCRL _cCRL _beng |
||
| 041 |
_2eng _aeng |
||
| 082 | _aV2:51.M5, P9 | ||
| 100 | _aGandhi Rajmohan | ||
| 245 | 0 |
_aTale of two revolts _b India 1857 and the American civil war |
|
| 260 |
_aNew Delhi _bViking _c2009 |
||
| 300 |
_axiii,402p. _ccm. |
||
| 650 | _aHISTORY | ||
| 942 |
_hV2:51.M5, P9 _cTEXL _2cc |
||
| 999 |
_c991234 _d991234 |
||